|
|
|
|
| LEADER |
00000cam a2200000 a 4500 |
| 001 |
vtls001064976 |
| 003 |
SK-MaSNL |
| 005 |
20260425234321.0 |
| 008 |
250806s1991 xo grf 000 0 slo |
| 015 |
|
|
|a SNBA1991/01
|
| 020 |
|
|
|a 8071270040
|q (brožované)
|
| 035 |
|
|
|a SNK000007806
|
| 035 |
|
|
|a urn:nbn:sk:snk-amkucw
|
| 035 |
|
|
|a urn:nbn:sk:snk-am004pvi
|
| 035 |
|
|
|a 633B233A-FE43-4F68-ACE7-A6C37B907311
|
| 040 |
|
|
|a SNK
|b slo
|c SNK
|e AACR2
|
| 041 |
1 |
|
|a slo
|h eng
|
| 044 |
|
|
|a xo
|c SK
|
| 072 |
|
7 |
|a 101
|x Filozofia
|2 konspekt
|
| 080 |
|
|
|a 101
|2 2011
|
| 080 |
|
|
|a (035)
|2 2011
|
| 080 |
|
|
|a 101.8
|2 2011
|
| 080 |
|
|
|a (0.064)
|2 2011
|
| 100 |
1 |
|
|a Nagel, Thomas,
|d 1937-
|4 aut
|9 182843
|
| 240 |
1 |
0 |
|a What doest it all mean? A very short introduction to philosophy
|l Slovensky
|
| 245 |
1 |
0 |
|a Čo to všetko znamená
|b stručný úvod do filozofie
|c Thomas Nagel
|
| 250 |
|
|
|a 1. vyd.
|
| 260 |
|
|
|a Bratislava
|b Medzinárodná účastinná spoločnosť Bradlo
|c 1991
|
| 300 |
|
|
|a 68 strán
|c 21 cm
|
| 490 |
1 |
|
|a Malá filozofická knižnica
|
| 500 |
|
|
|a Z anglického originálu preložil František Novosad
|
| 500 |
|
|
|a Rozložená titulná strana
|
| 500 |
|
|
|a Obsahuje 10 kapitol
|
| 650 |
0 |
7 |
|a filozofia
|2 SNKPH
|9 793
|
| 650 |
0 |
7 |
|a filozofické myslenie
|2 SNKPH
|9 1642
|
| 650 |
0 |
7 |
|a filozofické aspekty
|2 SNKPH
|9 3844
|
| 655 |
|
7 |
|a príručky
|2 SNKPH
|9 74364
|
| 655 |
|
7 |
|a výklady
|2 SNKPH
|9 29178
|
| 700 |
1 |
|
|a Novosád, František,
|d 1948 jún 4.-
|4 trl
|9 98325
|
| 740 |
0 |
2 |
|a Úvod
|
| 740 |
0 |
2 |
|a Ako vôbec niečo poznávame?
|
| 740 |
0 |
2 |
|a Iné mysle
|
| 740 |
0 |
2 |
|a Problém vzťahu duševného a telesného
|
| 740 |
0 |
2 |
|a Význam slov
|
| 740 |
0 |
2 |
|a Slobodná vôľa
|
| 740 |
0 |
2 |
|a Správne a nesprávne
|
| 740 |
0 |
2 |
|a Spravodlivosť
|
| 740 |
0 |
2 |
|a Smrť
|
| 740 |
0 |
2 |
|a Zmysel života
|
| 830 |
|
0 |
|a Malá filozofická knižnica
|9 375597
|
| 852 |
|
|
|a Slovenská národná knižnica
|
| 919 |
|
|
|a 80-7127-004-0
|
| 954 |
|
|
|a odborná, vedecká literatúra cudzojazyčná (svetová)
|2 lita
|
| 958 |
|
|
|a EUIPO
|
| 958 |
|
|
|a RK
|
| 958 |
|
|
|a TL
|
| 958 |
|
|
|a OND
|
| 958 |
|
|
|a OP
|
| 999 |
|
|
|c 790650
|d 792580
|
| 952 |
|
|
|a SNK
|b SNK
|y VYP
|7 0
|p 17A0105400
|o snkSD 63312 D1
|i snkKSP 5139/91
|0 0
|1 0
|4 0
|d 1997-10-28
|f 1
|l 0
|r 2004-12-31 00:00:00
|w 2026-02-24
|